20 titres les plus écoutés de Guns N' Roses - Statistiques

Statistiques générales
  • Ce quiz a été pris 29 fois
  • Le résultat moyen est 11 sur 20
Statistiques - réponses
Nb. d'écoutes Album % Correct
+ 1 260 000 000 Use Your Illusion I
96%
+ 2 580 000 000 Appetite For Destruction
96%
+ 1 601 000 000 Appetite For Destruction
93%
+ 1 384 000 000 Appetite For Destruction
89%
+ 819 000 000 Use Your Illusion I
78%
+ 156 000 000 Use Your Illusion II
67%
+ 284 000 000 Use Your Illusion I
63%
+ 128 000 000 Appetite For Destruction
56%
+ 160 000 000 Appetite For Destruction
56%
+ 99 000 000 Appetite For Destruction
56%
+ 999 000 000 Use Your Illusion II
52%
+ 107 000 000 Appetite For Destruction
48%
+ 328 000 000 Use Your Illusion I
48%
+ 74 000 000 Appetite For Destruction
41%
+ 477 000 000 G N' R Lies
37%
+ 298 000 000 Use Your Illusion II
37%
+ 54 000 000 Appetite For Destruction
33%
+ 136 000 000 The Spaghetti Incident?
26%
+ 113 000 000 Chinese Democracy
26%
+ 101 000 000 Use Your Illusion II
15%
Aucun quiz correspondant
Distribution des résultats
% des personnes avec chaque résultat
Percentile par nombre de réponses
Votre historique - résultats
Vous n’avez pas pris ce quiz